000
00206nam a22000857a 4500
001
1301007
005
20260424084012.0
245
_a
Zaman Yolcuları Çanakkale
_c
MUSTAFA ORAKÇI
260
_b
GENÇ TİMAŞ YAY.
999
_c
1301007
_d
1301007